Wird geladen...
Theory of cataloguing/
| Hauptverfasser: | , |
|---|---|
| Format: | Printed Book |
| Veröffentlicht: |
New Delhi, Vikas Publishing
1997
|
| Ausgabe: | Ed.5 rev |
| Schlagworte: |
| LEADER | 005520000a22001690004500 | ||
|---|---|---|---|
| 020 | |a 0-7069-9816-2 | ||
| 082 | |a 025.32 L51;M6;1 | ||
| 100 | |a Girja Kumar; Author |9 8153 | ||
| 100 | |a Krishan Kumar; Author |9 8154 | ||
| 245 | |a Theory of cataloguing/ | ||
| 250 | |a Ed.5 rev | ||
| 260 | |a New Delhi, Vikas Publishing | ||
| 260 | |c 1997 | ||
| 650 | |a Cataloging |9 1645 | ||
| 942 | |c BK | ||
| 999 | |c 18220 |d 18220 | ||
| 952 | |0 0 |1 0 |4 0 |6 025_320000000000000_L51M61 |7 0 |9 18026 |a MGUL |b MGUL |c GEN |d 2013-07-16 |e R 110 |l 6 |m 2 |o 025.32 L51;M6;1 |p 29091 |r 2017-08-21 |s 2017-08-02 |w 2013-07-16 |y BK | ||